000 00425nam a2200181Ia 4500
008 230524s9999 xx 000 0 und d
020 _a9789351428237
082 _a570.15195
_bARO
100 _aP.N. Arora
245 0 _aBiostatistics
250 _a1
260 _bHimalaya Publishing House
_c2018
300 _a578p;
500 _aQuantity Number: 10
650 _aMathematics
700 _aP.K.Malhan
942 _cBK
999 _c60613
_d60613